000 01085nam a2200217Ia 4500
003 OSt
005 20201112111501.0
008 191128s2000 ck a gr o000 0 spa d
020 _a958942743X
040 _aCO-JMCR
_cCO-JMCR
041 0 _aspa
082 0 4 _a321.8 /
_bO686c
_221
110 1 _aColombia.
_bOrganización de los Estados Americanos
_92610
245 1 0 _aCompromiso democrático :
_bformación de jóvenes líderes en instituciones, valores y prácticas democráticas : curso regional andino /
_cOrganización de Estados Americanos. Unidad para la Promoción de la Democracia
260 _aBogotá :
_bUPD/OEA,
_c2000
300 _a555 páginas :
_bilustraciones a blanco y negro ;
_c24 cm.
505 0 _aLa realidad social de la región y sus desafíos -- Teoría de la democracia y desempeño de las instituciones democráticas -- Valores y prácticas democráticas -- Instrumentos para la gerencia política democrática -- Ensayos de los participantes en el curso
650 1 4 _aDemocracia
_xenseñanza
_92611
650 1 4 _aEducación cívica
_92612
942 _2ddc
_cBK
999 _c4814
_d4814